| 000 | 00663nam a22001815i 4500 | ||
|---|---|---|---|
| 001 | 48066 | ||
| 003 | ES-MaACL | ||
| 005 | 20230906161703.0 | ||
| 007 | t| | ||
| 008 | 981118s1881 sp ||||1| spa d | ||
| 040 |
_aCAM _bspa _cCCPB |
||
| 245 | 0 | 3 |
_aLa cuestión de Canarias en la Sociedad Económica Matritense _b: documentos que publica acerca de este asunto dicha Corporación. |
| 260 |
_aMadrid : _bSociedad Económica Matritense, _c1881 ( _fManuel Tello) |
||
| 300 |
_a77 p., [1] h. de map. pleg. ; _c23 cm. |
||
| 710 | 2 |
_aReal Sociedad Económica Matritense de Amigos del País. _96389 |
|
| 852 |
_aES-MaACL _jFol-Laf-260 |
||
| 852 |
_aES-MaACL _jT-428-F-20 |
||
| 999 |
_c48066 _d48066 |
||